[Event "Box Hill Winter Interclub"]
[Site "Box Hill"]
[Date "2003.07.18"]
[Round "1.4"]
[White "Lee, Michelle"]
[Black "Zoraja, Slobodan"]
[Result "1-0"]
[WhiteElo "1697"]
[BlackElo "1511"]
[PlyCount "61"]
[EventDate "2003.07.18"]
[EventType "team-tourn"]
[EventRounds "7"]
[EventCountry "AUS"]
[SourceTitle "EXT 2018"]
[Source "ChessBase"]
[SourceDate "2017.10.13"]
[SourceVersion "1"]
[SourceVersionDate "2017.10.13"]
[SourceQuality "1"]

1. e4 e5 2. Nf3 Nc6 3. Bb5 d6 4. h3 h6 5. c3 a6 6. Ba4 Nf6 7. Qe2 Bd7 8. 0-0 Be7 9. d4 0-0 10. Rd1 exd4 11. cxd4 Qc8 12. Nc3 Re8 13. Bf4 Nb8 14. Bb3 Be6 15. d5 Bd7 16. Rac1 Qd8 17. Qd3 Nh7 18. e5 dxe5 19. Nxe5 Bd6 20. Nxf7 Qf6 21. Nxd6 cxd6 22. Bc2 Nf8 23. Bg3 g6 24. Ne4 Qxb2 25. Nxd6 Re7 26. Bb3 Kh7 27. Bh4 Rg7 28. Qf3 Kg8 29. Bf6 Qa3 30. Bxg7 Kxg7 31. Qf7+ 1-0